000 00467cam a2200193 4500
001 D9621
008 090401t1970 xxu||||| |||| 00| 0 eng d
035 _a(Sirsi) u21176
041 _aeng
050 _a692.5
100 _aWainwright, W Howard
245 _aVariation and final account procedure
250 _aRev metric
260 _aLondon
_bHutchinson Educational Ltd
_c1970
300 _a216p. 22cm
350 _a1.75
942 _n0
948 _c04/03/1997
999 _c87933
_d87933